| 000 | 00426nam a2200133Ia 4500 | ||
|---|---|---|---|
| 008 | 231129s2004||||xx |||||||||||||| ||spa|| | ||
| 020 | _a969-88-8-3 | ||
| 082 | _aER- 260 | ||
| 100 | _aEje Cafetero | ||
| 245 | 0 | _aTemática de drogas en el Eje Cafetero: primera fase de construcción del sistema de información SIDEC | |
| 260 | _c2004 | ||
| 264 | _a[sin editorial] | ||
| 942 |
_2ddc _cBKS |
||
| 999 |
_c25167 _d25167 |
||